|
|
|
|
| LEADER |
00000cam a2200000 a 4500 |
| 001 |
vtls010619272 |
| 003 |
SK-MaSNL |
| 005 |
20260301093140.0 |
| 008 |
250312s1949 xo fr2 000 0 slo |
| 035 |
|
|
|a 04FB0D47-63BE-40B6-889C-276AED15D9BB
|
| 035 |
|
|
|a urn:nbn:sk:snk-amjzam
|
| 035 |
|
|
|a urn:nbn:sk:snk-am007y4w
|
| 040 |
|
|
|a SNK
|b slo
|c SNK
|e AACR2
|
| 041 |
0 |
|
|a slo
|
| 043 |
|
|
|a e-cs---
|a e-xo---
|
| 044 |
|
|
|a xo
|c SK
|
| 080 |
|
|
|a 371.126.8(437.6)(091)
|2 1981
|
| 080 |
|
|
|a 37(437)(091)"1948/1949"
|2 1981
|
| 100 |
1 |
|
|a Ededy, Ján,
|d 1910-1982
|4 aut
|9 6292
|
| 245 |
1 |
0 |
|a O spolupráci Štátneho pedagogického ústavu a okresných pedagogických sborov
|p Budujeme pedagogickú knižnicu Slovenska
|c Ján Ededy, M. Duren
|
| 246 |
3 |
0 |
|a Budujeme pedagogickú knižnicu Slovenska
|
| 260 |
|
|
|a Bratislava
|b Štátne nakladateľstvo
|c 1949
|
| 300 |
|
|
|a 15, [1] s.
|c 4°
|
| 500 |
|
|
|a Separát. odtl.: Zvesti Štátneho pedagogického ústavu v Bratislave. (Príloha Jednotnej školy.) 1. štvrťrok 1949
|
| 610 |
2 |
7 |
|a Štátny pedagogický ústav (Bratislava, Slovensko)
|2 SNKKA
|9 34859
|
| 648 |
|
7 |
|a 1948-1949
|2 SNKPH
|9 290949
|
| 650 |
0 |
7 |
|a školstvo
|2 SNKPH
|9 19712
|
| 650 |
0 |
7 |
|a pedagogika
|2 SNKPH
|9 955
|
| 650 |
0 |
7 |
|a demokratizácia
|2 SNKPH
|9 3570
|
| 655 |
|
7 |
|a štúdie
|2 SNKPH
|9 57033
|
| 700 |
1 |
|
|a Duren, M.
|4 aut
|9 425063
|
| 852 |
|
|
|a Slovenská národná knižnica
|
| 958 |
|
|
|a OND
|
| 999 |
|
|
|c 676154
|d 678084
|
| 952 |
|
|
|a SNK
|b SNK
|y PREZ
|7 0
|p 17A0971584
|o snkSB 27869
|i snkK 1026/79
|8 3
|0 0
|1 0
|4 0
|d 2014-09-11
|f 1
|l 0
|r 2025-04-01 00:00:00
|w 2026-02-23
|